Nuclear Power (Record no. 29444)
[ view plain ]
| 000 -LEADER | |
|---|---|
| fixed length control field | 00345nam a22001577a 4500 |
| 003 - CONTROL NUMBER IDENTIFIER | |
| control field | OSt |
| 005 - DATE AND TIME OF LATEST TRANSACTION | |
| control field | 20220208083109.0 |
| 008 - FIXED-LENGTH DATA ELEMENTS--GENERAL INFORMATION | |
| fixed length control field | 220208b |||||||| |||| 00| 0 eng d |
| 020 ## - INTERNATIONAL STANDARD BOOK NUMBER | |
| International Standard Book Number | 0750222360 |
| 040 ## - CATALOGING SOURCE | |
| Transcribing agency | H.U |
| 082 ## - DEWEY DECIMAL CLASSIFICATION NUMBER | |
| Classification number | 623.8728 |
| 100 ## - MAIN ENTRY--PERSONAL NAME | |
| Personal name | Graham |
| 9 (RLIN) | 25864 |
| 245 ## - TITLE STATEMENT | |
| Title | Nuclear Power |
| 260 ## - PUBLICATION, DISTRIBUTION, ETC. | |
| Name of publisher, distributor, etc. | Wayland |
| Date of publication, distribution, etc. | 1998 |
| 942 ## - ADDED ENTRY ELEMENTS (KOHA) | |
| Source of classification or shelving scheme | Dewey Decimal Classification |
| Koha item type | Books like text book referance book |
| Suppress in OPAC | No |
| Withdrawn status | Lost status | Source of classification or shelving scheme | Damaged status | Not for loan | Home library | Current library | Shelving location | Date acquired | Total Checkouts | Full call number | Barcode | Date last seen | Copy number | Price effective from | Koha item type |
|---|---|---|---|---|---|---|---|---|---|---|---|---|---|---|---|
| Dewey Decimal Classification | IoT Library | IoT Library | General Stacks | 02/08/2022 | 623.8728/GRA/1998 | IOTL0010713 | 02/08/2022 | 1 | 02/08/2022 | Books like text book referance book |